Hệ thống liên kết văn bản Tiếng Việt
Sách nghiên cứu ngôn ngữ trong một chỉnh thể văn bản: Đơn vị, phương thức, hệ thống liên kết văn bản giữa các phát ngôn, ở các cấp độ và nội dung.
Spremljeno u:
| Glavni autor: | |
|---|---|
| Format: | Knjiga |
| Jezik: | Undetermined |
| Izdano: |
Hà Nội
Giáo Dục
2009
|
| Teme: | |
| Oznake: |
Dodaj oznaku
Bez oznaka, Budi prvi tko označuje ovaj zapis!
|
| Thư viện lưu trữ: | Trung tâm Học liệu Trường Đại học Cần Thơ |
|---|
| LEADER | 00933nam a2200217Ia 4500 | ||
|---|---|---|---|
| 001 | CTU_155953 | ||
| 008 | 210402s9999 xx 000 0 und d | ||
| 020 | |c 26500 | ||
| 082 | |a 495.9225 | ||
| 082 | |b Th253/2009 | ||
| 100 | |a Trần, Ngọc Thêm | ||
| 245 | 0 | |a Hệ thống liên kết văn bản Tiếng Việt | |
| 245 | 0 | |c Trần Ngọc Thêm | |
| 260 | |a Hà Nội | ||
| 260 | |b Giáo Dục | ||
| 260 | |c 2009 | ||
| 520 | |a Sách nghiên cứu ngôn ngữ trong một chỉnh thể văn bản: Đơn vị, phương thức, hệ thống liên kết văn bản giữa các phát ngôn, ở các cấp độ và nội dung. | ||
| 650 | |a Vietnamese language,Vietnamese language,Tiếng Việt,Tiếng Việt | ||
| 650 | |x Writing,Grammar,Kỹ năng viết,Ngữ pháp | ||
| 904 | |i QHieu | ||
| 980 | |a Trung tâm Học liệu Trường Đại học Cần Thơ | ||